Lo contaron al mundo : (Record no. 197929)

MARC details
000 -LEADER
campo de control de longitud fija 01800cam a22004094i 4500
001 - NÚMERO DE CONTROL
campo de control 197929
003 - IDENTIFICADOR DE NÚMERO DE CONTROL
campo de control ES-MaACL
005 - FECHA Y HORA DE LA ÚLTIMA TRANSACCIÓN
campo de control 20251203063036.0
008 - DATOS DE LONGITUD FIJA--INFORMACIÓN GENERAL
campo de control de longitud fija 251031e202507 sp a |||||001 0cspa d
017 ## - NÚMERO DE COPYRIGHT O DE DEPÓSITO LEGAL
Número de copyright o de depósito legal SE 1221-2025
Agencia que asigna Oficina Depósito Legal Sevilla
020 ## - NÚMERO INTERNACIONAL ESTÁNDAR DEL LIBRO
Número Internacional Estándar del Libro 979-13-87552-93-0
040 ## - FUENTE DE CATALOGACIÓN
Centro catalogador/agencia de origen ES-MaACL
Lengua de catalogación spa
Centro/agencia transcriptor ES-MaACL
Normas de descripción rda
080 ## - NÚMERO DE LA CLASIFICACIÓN DECIMAL UNIVERSAL
Número de la Clasificación Decimal Universal 070.42-055.2"1936/39"
080 ## - NÚMERO DE LA CLASIFICACIÓN DECIMAL UNIVERSAL
Número de la Clasificación Decimal Universal 070.423:355.01(460)"1936/1939"
080 ## - NÚMERO DE LA CLASIFICACIÓN DECIMAL UNIVERSAL
Número de la Clasificación Decimal Universal 94(460)"1936/39"(0:070)
080 ## - NÚMERO DE LA CLASIFICACIÓN DECIMAL UNIVERSAL
Número de la Clasificación Decimal Universal 94(460)"1936/39":316.654(100)
100 1# - ENTRADA PRINCIPAL--NOMBRE DE PERSONA
Nombre de persona Díaz Nosty, Bernardo
9 (RLIN) 44372
Término indicativo de función/relación Autor
245 10 - MENCIÓN DEL TÍTULO
Título Lo contaron al mundo :
Resto del título periodistas extranjeras en la guerra civil : periodistas, fotoperiodistas, colaboradoras de prensa y autoras de memorias /
Mención de responsabilidad, etc. Bernardo Díaz Nosty
250 ## - MENCION DE EDICION
Mención de edición 3ª edición, julio 2025
264 #1 - PRODUCCIÓN, PUBLICACIÓN, DISTRIBUCIÓN, FABRICACIÓN Y COPYRIGHT
Producción, publicación, distribución, fabricación y copyright Sevilla :
Nombre del de productor, editor, distribuidor, fabricante Editorial Renacimiento,
Fecha de producción, publicación, distribución, fabricación o copyright julio de 2025
300 ## - DESCRIPCIÓN FÍSICA
Extensión 912 páginas :
Otras características físicas ilustraciones (blanco y negro) ;
Dimensiones 24 cm
336 ## - TIPO DE CONTENIDO
Fuente rdacontent
Término de tipo de contenido texto
337 ## - TIPO DE MEDIO
Fuente rdamedia
Nombre/término del tipo de medio sin mediación
338 ## - TIPO DE SOPORTE
Fuente rdacarrier
Nombre/término del tipo de soporte volumen
490 0# - MENCIÓN DE SERIE
Mención de serie Los cuatro vientos. Serie mayor ;
Designación de volumen o secuencia 7
504 ## - NOTA DE BIBLIOGRAFÍA, ETC.
Nota de bibliografía, etc. Bibliografía: páginas 888-900. Índices
650 #0 - PUNTO DE ACCESO ADICIONAL DE MATERIA--TÉRMINO DE MATERIA
Término de materia o nombre geográfico como elemento de entrada Corresponsales de guerra-
Fuente del encabezamiento o término embne
9 (RLIN) 242556
Subdivisión geográfica España-
Subdivisión cronológica 1936-1939, Guerra civil
650 #4 - PUNTO DE ACCESO ADICIONAL DE MATERIA--TÉRMINO DE MATERIA
Término de materia o nombre geográfico como elemento de entrada Mujeres periodistas
Fuente del encabezamiento o término embne
9 (RLIN) 235863
651 #4 - PUNTO DE ACCESO ADICIONAL DE MATERIA--NOMBRE GEOGRÁFICO
9 (RLIN) 162350
Nombre geográfico España-
Subdivisión general Historia-
Subdivisión cronológica 1936-1939, Guerra civil-
Subdivisión general En la prensa
651 #4 - PUNTO DE ACCESO ADICIONAL DE MATERIA--NOMBRE GEOGRÁFICO
9 (RLIN) 8315
Nombre geográfico España-
Subdivisión general Historia-
Subdivisión cronológica 1936-1939, Guerra civil-
Subdivisión general Opinión extranjera
852 ## - LOCALIZACIÓN
Ubicación ES-MaACL
Ubicación en estantería Depósito 1
Número de control de estantería A-15834
Encuadernación Encuadernación rústica con solapas
itemnumber 206954
908 ## - COLOCAR PARÁMETRO DE COMANDO (RLIN)
Colocar parámetro de comando UB
942 ## - ELEMENTOS DE ENTRADA SECUNDARIOS (KOHA)
Tipo de ítem Koha Libro impreso
Suprimir en OPAC No
Holdings
Estatus retirado Estado de pérdida Fuente del sistema de clasificación o colocación Estado de daño No para préstamo Biblioteca de origen Biblioteca actual Ubicación en estantería Fecha de adquisición Fuente de adquisición Total de préstamos Signatura topográfica completa Código de barras Visto por última vez Precio de reemplazo Tipo de ítem Koha
    Clasificación decimal universal     Biblioteca del Ateneo de Madrid Biblioteca del Ateneo de Madrid Depósito 1 31/10/2025 Donación   A-15834 2025-1319 01/12/2025 01/12/2025 Libro impreso